[Event "Politiken Cup 2012"]
[Site "Helsingør "]
[Date "2012.07.28"]
[Round "1.39"]
[White "Aabling-Thomsen, Jakob"]
[Black "Satre, Roger"]
[Result "1-0"]
[WhiteElo "2331"]
[BlackElo "1866"]
[PlyCount "65"]
[EventDate "2012.07.28"]

1. e4 e6 2. d4 d5 3. Nc3 Nf6 4. Bg5 Be7 5. e5 Nfd7 6. h4 Bxg5 7. hxg5 Qxg5 8.
Qd3 g6 9. Nh3 Qd8 10. O-O-O a6 11. f4 Nc6 12. Ng5 Nf8 13. Rh6 f6 14. Nxh7 fxe5
15. dxe5 Nxe5 16. Qd4 Rxh7 17. Rxh7 Nxh7 18. Qxe5 Qe7 19. Bd3 Nf8 20. Re1 c6
21. g4 Bd7 22. a3 O-O-O 23. Na4 b5 24. b4 a5 25. Nc5 Be8 26. Qd4 axb4 27. axb4
Bf7 28. Qa1 Kb8 29. Qa5 Nd7 30. Na6+ Kb7 31. Qc7+ Kxa6 32. c3 Qh4 33. Kd2 1-0

[Event "Politiken Cup 2012"]
[Site "Helsingør "]
[Date "2012.07.28"]
[Round "1.57"]
[White "Randlov, Carsten"]
[Black "Larsen, Karsten"]
[Result "1-0"]
[WhiteElo "1860"]
[BlackElo "2331"]
[PlyCount "147"]
[EventDate "2012.07.28"]

1. Nf3 Nf6 2. c4 e6 3. d4 d5 4. Nc3 Bb4 5. Bg5 c5 6. a3 Bxc3+ 7. bxc3 Nbd7 8.
cxd5 exd5 9. Qc2 Qa5 10. Nd2 O-O 11. Bxf6 Nxf6 12. e3 b6 13. f3 Bb7 14. Kf2
Rac8 15. Qb2 cxd4 16. cxd4 Qc3 17. Qxc3 Rxc3 18. Bb5 Rfc8 19. Rhd1 Kf8 20. Ba4
Ba6 21. Ra2 Bc4 22. Nxc4 R8xc4 23. Bb5 Rc2+ 24. Rd2 Rxd2+ 25. Rxd2 Rc3 26. a4
Ke7 27. g4 h6 28. h4 g5 29. hxg5 hxg5 30. Ke2 Ne8 31. Rd3 Rc2+ 32. Rd2 Rc3 33.
Rd3 Rc1 34. Rd1 Rc7 35. Kd2 Nd6 36. Rc1 Rxc1 37. Kxc1 Ke6 38. Bd3 f6 39. Kc2
Kd7 40. Kc3 Kc6 41. Kb4 a5+ 42. Kc3 Kd7 43. Kd2 Ke6 44. Ke2 Ne8 45. Kd2 Kd6 46.
Kc3 Nc7 47. Kb3 Kc6 48. Bg6 b5 49. axb5+ Kxb5 50. Bd3+ Kb6 51. Ka4 Ne8 52. Kb3
Nd6 53. Kc3 Kc6 54. Kb3 Kb6 55. Ka4 Nc8 56. Kb3 Ne7 57. Kc3 Nc6 58. Kb3 Nb4 59.
Bb1 Kb5 60. Bg6 a4+ 61. Ka3 Kc4 62. Kxa4 Na2 63. Ka5 Nc3 64. Bc2 Ne2 65. Kb6
Kc3 66. Bd1 Ng3 67. Kc5 Nf1 68. e4 Ne3 69. exd5 Nc4 70. d6 Na5 71. Kb6 Nc4+ 72.
Kc7 Ne3 73. d7 Nd5+ 74. Kd6 1-0

[Event "Politiken Cup 2012"]
[Site "Helsingør "]
[Date "2012.07.28"]
[Round "1.40"]
[White "Rudolf, Anna"]
[Black "Hansen, Tommy"]
[Result "1-0"]
[WhiteElo "2325"]
[BlackElo "1856"]
[PlyCount "45"]
[EventDate "2012.07.28"]

1. e4 Nf6 2. e5 Nd5 3. Nf3 d6 4. d4 dxe5 5. Nxe5 c6 6. Be2 Bf5 7. O-O Nd7 8.
Bg4 Bxg4 9. Qxg4 Nxe5 10. dxe5 g6 11. Nd2 Bg7 12. Nf3 O-O 13. Bd2 Qc8 14. Qh4
f6 15. c4 Nc7 16. Rfe1 Qf5 17. exf6 Bxf6 18. Ng5 Rf7 19. Nxf7 Kxf7 20. Qxh7+
Bg7 21. Bc3 Ne8 22. Bxg7 Nxg7 23. Re3 1-0

[Event "Politiken Cup 2012"]
[Site "Helsingør "]
[Date "2012.07.28"]
[Round "1.41"]
[White "Schmidt, Horst Hubert"]
[Black "Buchal, Stephan"]
[Result "1/2-1/2"]
[WhiteElo "1854"]
[BlackElo "2320"]
[PlyCount "128"]
[EventDate "2012.07.28"]

1. d4 g6 2. Nf3 Bg7 3. e3 d6 4. Be2 Nf6 5. Nc3 O-O 6. O-O Nbd7 7. Rb1 a6 8. a4
c6 9. Bd2 e5 10. dxe5 dxe5 11. b4 b5 12. Ng5 Bb7 13. Bf3 Nd5 14. Nge4 Qc7 15.
Nc5 Nxc3 16. Bxc3 Nxc5 17. bxc5 Rfd8 18. Qe1 Qe7 19. Ba5 Re8 20. Qb4 e4 21. Be2
Bc8 22. axb5 axb5 23. Rfd1 Qa7 24. Bb6 Qa2 25. Rd6 Be6 26. Qe1 Qxc2 27. Rc1
Qxc1 28. Qxc1 Ra1 29. Qxa1 Bxa1 30. Rxc6 b4 31. Rd6 b3 32. Bd1 Ra8 33. c6 Be5
34. Rd8+ Rxd8 35. Bxd8 Kf8 36. c7 b2 37. Bc2 Ke8 38. Ba4+ Bd7 39. Bc2 Be6 40.
Ba4+ Bd7 41. Bc2 f5 42. g3 Be6 43. Ba4+ Kf7 44. Bc2 Ke8 45. Ba4+ Kf7 46. Bc2
Bd6 47. Kg2 Bd7 48. h4 Be7 49. Kh2 Ke6 50. Kg2 Kd6 51. Kf1 Bc8 52. Ke2 Ba6+ 53.
Kd2 Kd7 54. Ba4+ Kc8 55. Kc2 Ba3 56. Kb1 Bd3+ 57. Bc2 Kd7 58. Bf6 Kxc7 59. Bxb2
Bxc2+ 60. Kxc2 Bxb2 61. Kxb2 Kb6 62. Kb3 Kb5 63. Kc3 Kc5 64. Kb3 Kb5 1/2-1/2

[Event "Politiken Cup 2012"]
[Site "Helsingør "]
[Date "2012.07.28"]
[Round "1.43"]
[White "Degerfeldt, Sven"]
[Black "Cherednichenko, Svetlana"]
[Result "0-1"]
[WhiteElo "1848"]
[BlackElo "2293"]
[PlyCount "120"]
[EventDate "2012.07.28"]

1. d4 Nf6 2. c4 g6 3. Nf3 Bg7 4. g3 O-O 5. Bg2 d6 6. Nc3 Nc6 7. d5 Na5 8. Nd2
c5 9. Qc2 a6 10. b3 Rb8 11. Bb2 b5 12. O-O bxc4 13. bxc4 Bh6 14. f4 e5 15. e4
exf4 16. gxf4 Nh5 17. Ne2 Bg4 18. Bf3 Bxf3 19. Rxf3 Nxf4 20. Rxf4 Bxf4 21. Nxf4
Qg5+ 22. Ng2 f6 23. Bc3 Nb7 24. Rf1 Rf7 25. Kh1 Re8 26. Qb2 Ref8 27. Nf4 Re8
28. Ne6 Qe3 29. Bxf6 Na5 30. Qc3 Qxc3 31. Bxc3 Rxf1+ 32. Nxf1 Nxc4 33. Kg2 Rb8
34. Ng3 a5 35. Kf3 a4 36. e5 dxe5 37. Nxc5 Rb5 38. Nxa4 Rxd5 39. Ke4 Rd1 40.
Ne2 Rh1 41. Bxe5 Nxe5 42. Kxe5 Rxh2 43. Nac3 Rf2 44. a4 h5 45. Nf4 h4 46. Ne4
Ra2 47. Ng5 Kg7 48. Nf3 Rxa4 49. Nxh4 g5 50. Nf5+ Kh7 51. Ng2 Kg6 52. Nge3 Kh5
53. Ng3+ Kh4 54. Nef5+ Kg4 55. Kf6 Ra5 56. Kg6 Ra6+ 57. Kg7 Kf4 58. Kf7 g4 59.
Kg7 Ra3 60. Kg6 Rxg3 0-1

[Event "Politiken Cup 2012"]
[Site "Helsingør "]
[Date "2012.07.28"]
[Round "1.44"]
[White "Ochsner, Bjorn Moller"]
[Black "Hoel, Jorgen"]
[Result "1-0"]
[WhiteElo "2290"]
[BlackElo "1848"]
[PlyCount "113"]
[EventDate "2012.07.28"]

1. e4 c5 2. Nf3 g6 3. c4 Nc6 4. d4 cxd4 5. Nxd4 Nf6 6. Nc3 d6 7. Be2 Nxd4 8.
Qxd4 Bg7 9. Bg5 O-O 10. Qd2 Qa5 11. O-O Be6 12. Rac1 Rfc8 13. b3 a6 14. Bf3
Rab8 15. Ne2 Qxd2 16. Bxd2 Bg4 17. Bxg4 Nxg4 18. Nc3 Nf6 19. Rfe1 Kf8 20. f3
Nd7 21. Kf1 Nc5 22. Ke2 Ne6 23. Nd5 Rc6 24. Be3 Bd4 25. Bh6+ Bg7 26. Be3 Bd4
27. Bd2 Bg7 28. Red1 Rbc8 29. Be3 a5 30. Nb6 R8c7 31. Na8 Rc8 32. Nb6 R8c7 33.
Na4 b5 34. cxb5 Nd4+ 35. Kd3 Nxb5 36. Rxc6 Rxc6 37. Rc1 Nd4 38. Rc4 Rxc4 39.
Kxc4 Nc6 40. Bd2 Ke8 41. Kb5 Nb4 42. Bxb4 axb4 43. Kxb4 e6 44. Kc4 Kd7 45. b4
Kc7 46. Nc3 Bf8 47. a4 f5 48. a5 fxe4 49. fxe4 Kb7 50. b5 Be7 51. Ne2 h5 52.
Nf4 Bf6 53. Nxg6 h4 54. Nf4 Be5 55. Nxe6 Bxh2 56. Nd4 Bf4 57. Nf5 1-0

[Event "Politiken Cup 2012"]
[Site "Helsingør "]
[Date "2012.07.28"]
[Round "1.45"]
[White "Okland, Sveinung"]
[Black "Matthiesen, Martin"]
[Result "0-1"]
[WhiteElo "1846"]
[BlackElo "2285"]
[PlyCount "110"]
[EventDate "2012.07.28"]

1. d4 Nf6 2. f3 d5 3. e4 dxe4 4. Nc3 Bf5 5. fxe4 Nxe4 6. Qf3 Nd6 7. Bf4 e6 8.
O-O-O c6 9. g4 Bg6 10. Qe3 Be7 11. Nf3 h6 12. h4 Bh7 13. Bd3 Bxd3 14. Qxd3 Nd7
15. Ne5 Qa5 16. Nxd7 Kxd7 17. Kb1 Rad8 18. Ne4 Nxe4 19. Qxe4 f5 20. gxf5 Qxf5
21. Qe5 Qxe5 22. Bxe5 Rhg8 23. h5 Rdf8 24. Rdf1 Rf5 25. Rfg1 Bf6 26. Bxf6 Rxf6
27. Rg4 Ke7 28. b3 Kf7 29. Kb2 g5 30. hxg6+ Rgxg6 31. Rgh4 Kg7 32. R1h2 Rg5 33.
Kc3 Rfg6 34. a4 Rg3+ 35. Kc4 R3g5 36. b4 b5+ 37. axb5 cxb5+ 38. Kb3 Rg4 39.
Rxg4 Rxg4 40. c3 Rf4 41. Kc2 Kg6 42. Rg2+ Kf7 43. Rg3 h5 44. Kd3 h4 45. Rh3 Kf6
46. Ke3 Kg5 47. Rh1 Rg4 48. Kf2 Rg3 49. Ra1 Rxc3 50. Rxa7 Kf4 51. Ke2 h3 52.
Rf7+ Ke4 53. Kd2 h2 54. Rh7 Ra3 55. Rh4+ Kd5 0-1

[Event "Politiken Cup 2012"]
[Site "Helsingør "]
[Date "2012.07.28"]
[Round "1.46"]
[White "Colpe, Malte"]
[Black "Rendlev, Niels Moller"]
[Result "1-0"]
[WhiteElo "2284"]
[BlackElo "1844"]
[PlyCount "71"]
[EventDate "2012.07.28"]

1. d4 d5 2. c4 e6 3. Nf3 c6 4. Qc2 f5 5. Bf4 Nf6 6. e3 Be7 7. Bd3 Ne4 8. Nc3
Nd7 9. O-O O-O 10. Ne5 Ndf6 11. f3 Nd6 12. Bg3 Bd7 13. c5 Nf7 14. e4 g6 15.
exd5 exd5 16. b4 Nh5 17. Nxf7 Rxf7 18. Be5 a6 19. a4 Bf6 20. f4 b5 21. Ra3 a5
22. axb5 axb4 23. Rxa8 Qxa8 24. Na4 cxb5 25. Nb6 Qc6 26. Qb3 Be6 27. Qxb4 Be7
28. Qa5 Bxc5 29. dxc5 Qxc5+ 30. Kh1 Nf6 31. Na4 Qe3 32. Bxb5 Ng4 33. Qd8+ Rf8
34. Qe7 Bf7 35. h3 Nf2+ 36. Rxf2 1-0

[Event "Politiken Cup 2012"]
[Site "Helsingør "]
[Date "2012.07.28"]
[Round "1.47"]
[White "Maagaard, David Bille"]
[Black "Schmidt, Kresten"]
[Result "1-0"]
[WhiteElo "1843"]
[BlackElo "2278"]
[PlyCount "169"]
[EventDate "2012.07.28"]

1. d4 Nf6 2. c4 g6 3. Nc3 Bg7 4. e4 d6 5. Bd3 O-O 6. Nge2 e5 7. Bg5 h6 8. Bh4
c6 9. Rc1 Nbd7 10. O-O Re8 11. Bb1 Qb6 12. b3 exd4 13. Nxd4 Nc5 14. f3 Nfxe4
15. fxe4 Ne6 16. Bf2 Bxd4 17. Qd2 Kg7 18. Ne2 Bxf2+ 19. Rxf2 Qc5 20. b4 Qe5 21.
Rcf1 Nd8 22. Nd4 Qe7 23. Qd3 Rf8 24. Rf6 Qxf6 25. Rxf6 Kxf6 26. Qg3 Ne6 27. Nf3
Rd8 28. e5+ dxe5 29. Qxe5+ Ke7 30. Bc2 a5 31. b5 Rd6 32. Qe3 cxb5 33. Qxh6 bxc4
34. Qh4+ Ke8 35. Qxc4 Bd7 36. Qh4 Rc8 37. Bb3 Rc5 38. Qg3 Ke7 39. h3 a4 40.
Bxa4 Bxa4 41. Qh4+ g5 42. Qxa4 b5 43. Qa7+ Rd7 44. Qa3 f6 45. Qb4 Kf7 46. a4
bxa4 47. Qxa4 Rdc7 48. Qg4 Rc4 49. Qf5 R7c5 50. Qd3 Rc7 51. Qf5 R4c5 52. Qh7+
Ng7 53. h4 g4 54. Nd4 g3 55. Kf1 Rd7 56. Nf3 Re7 57. Qb1 Nf5 58. Ne1 Kg7 59. h5
Ne3+ 60. Kg1 Rxh5 61. Qb4 Nf5 62. Nf3 Rd7 63. Qg4+ Kh6 64. Qf4+ Kh7 65. Kf1 Re7
66. Kg1 Ra7 67. Kf1 Ra1+ 68. Ke2 Ra2+ 69. Kd3 Rxg2 70. Qg4 Kh6 71. Qf4+ Kh7 72.
Qg4 Ng7 73. Qe4+ f5 74. Ng5+ Rxg5 75. Qxg2 Nh5 76. Ke3 Kg6 77. Qc6+ Nf6 78. Qg2
Ne4 79. Kf3 Rg4 80. Ke3 Kg5 81. Kd3 Rf4 82. Ke3 Rf2 83. Qh3 Rh2 84. Qf1 g2 85.
Qf4+ 1-0

[Event "Politiken Cup 2012"]
[Site "Helsingør "]
[Date "2012.07.28"]
[Round "1.48"]
[White "Bach, Matthias"]
[Black "Nassetti, Francesco"]
[Result "1-0"]
[WhiteElo "2274"]
[BlackElo "1843"]
[PlyCount "41"]
[EventDate "2012.07.28"]

1. f4 d5 2. b3 c5 3. Bb2 Nc6 4. e3 e6 5. Nf3 a6 6. Be2 Nf6 7. O-O d4 8. Ne5 g6
9. Nxc6 bxc6 10. Bf3 Qb6 11. Na3 Bd7 12. Nc4 Qa7 13. Qe1 Bg7 14. exd4 Nd5 15.
f5 Qc7 16. dxc5 Bxb2 17. Nxb2 gxf5 18. Nc4 Qf4 19. c3 Qg5 20. Bxd5 cxd5 21.
Rxf5 1-0

[Event "Politiken Cup 2012"]
[Site "Helsingør "]
[Date "2012.07.28"]
[Round "1.49"]
[White "Barane, Simon"]
[Black "Veng, Johnny"]
[Result "1/2-1/2"]
[WhiteElo "1835"]
[BlackElo "2274"]
[PlyCount "94"]
[EventDate "2012.07.28"]

1. e4 c5 2. Nf3 d6 3. d4 cxd4 4. Nxd4 Nf6 5. Nc3 a6 6. Bg5 e6 7. f4 h6 8. Bh4
Qb6 9. Rb1 Nbd7 10. Bf2 Qc7 11. Nb3 b5 12. Qd4 Bb7 13. Be2 Be7 14. Bf3 O-O 15.
O-O Rfe8 16. Qd3 Rac8 17. a3 e5 18. f5 Nb6 19. Bxb6 Qxb6+ 20. Kh1 Bf8 21. Rfe1
Rc7 22. Rbd1 Rec8 23. h3 Be7 24. Rd2 b4 25. axb4 Qxb4 26. Ra1 Nd7 27. Ra4 Qb6
28. Nd5 Bxd5 29. Qxd5 Bg5 30. Re2 Bf4 31. Qd3 Nc5 32. Nxc5 Rxc5 33. b3 Rc3 34.
Qd1 Bg3 35. Ra2 a5 36. Bh5 Qb5 37. Rd2 R8c6 38. Be2 Qb6 39. Rd3 Qf2 40. Rxc3
Rxc3 41. Qf1 Qe3 42. Bd3 Bf4 43. Rxa5 Qg3 44. Kg1 Qh2+ 45. Kf2 Qg3+ 46. Kg1
Qh2+ 47. Kf2 Qg3+ 1/2-1/2

[Event "Politiken Cup 2012"]
[Site "Helsingør "]
[Date "2012.07.28"]
[Round "1.50"]
[White "Gandrud, Vegar Koi"]
[Black "Christophersen, David"]
[Result "1-0"]
[WhiteElo "2259"]
[BlackElo "1832"]
[PlyCount "39"]
[EventDate "2012.07.28"]

1. d4 Nf6 2. c4 g6 3. Nc3 d6 4. e4 c6 5. Nf3 Bg7 6. Be2 O-O 7. O-O Nbd7 8. Ne1
a6 9. Be3 b5 10. Nc2 Qc7 11. Rc1 c5 12. cxb5 cxd4 13. Nxd4 axb5 14. Ncxb5 Qb7
15. Rc7 Qa6 16. Nc6 Qxa2 17. Bc4 Qxb2 18. Bd4 Ra1 19. Qxa1 Qxa1 20. Rxa1 1-0

[Event "Politiken Cup 2012"]
[Site "Helsingør "]
[Date "2012.07.28"]
[Round "1.51"]
[White "Kristensen, Bjarke Hautop"]
[Black "Tari, Aryan"]
[Result "0-1"]
[WhiteElo "1824"]
[BlackElo "2256"]
[PlyCount "64"]
[EventDate "2012.07.28"]

1. c4 c5 2. Nc3 Nc6 3. g3 g6 4. Bg2 Bg7 5. e3 Nf6 6. Nge2 O-O 7. O-O d6 8. d3
a6 9. f4 Rb8 10. e4 Ne8 11. f5 b5 12. b3 b4 13. f6 Bxf6 14. Rxf6 Nxf6 15. Nd5
Nxd5 16. cxd5 Ne5 17. Bh6 Re8 18. h3 e6 19. d4 cxd4 20. Nxd4 exd5 21. exd5 Qb6
22. Kh2 Bd7 23. Qd2 Rbc8 24. Rf1 Rc3 25. Ne2 Rd3 26. Qf4 f5 27. Be4 Qb5 28.
Bxd3 Nxd3 29. Qd2 Qxd5 30. Rd1 Bc6 31. Nf4 Nxf4 32. Bxf4 Qf3 0-1

[Event "Politiken Cup 2012"]
[Site "Helsingør "]
[Date "2012.07.28"]
[Round "1.58"]
[White "Rostgaard, Tobias Valentin"]
[Black "Verhasselt, Karsten"]
[Result "1-0"]
[WhiteElo "2246"]
[BlackElo "1814"]
[PlyCount "37"]
[EventDate "2012.07.28"]

1. e4 e5 2. Nf3 Nf6 3. Nxe5 d6 4. Nf3 Nxe4 5. Nc3 Nxc3 6. dxc3 Be7 7. Be3 Be6
8. Qd2 Nc6 9. O-O-O O-O 10. h4 a5 11. Kb1 Ne5 12. Ng5 Bc4 13. Bxc4 Bxg5 14.
hxg5 g6 15. Qd4 Re8 16. Be2 f5 17. Bc4+ Nxc4 18. Qxc4+ d5 19. Rxd5 1-0

[Event "Politiken Cup 2012"]
[Site "Helsingør "]
[Date "2012.07.28"]
[Round "1.59"]
[White "Jensen, Tobias Ilsoe"]
[Black "Hobber, Anders"]
[Result "0-1"]
[WhiteElo "1812"]
[BlackElo "2244"]
[PlyCount "88"]
[EventDate "2012.07.28"]

1. d4 d5 2. c4 c6 3. Nc3 Nf6 4. Nf3 a6 5. Bg5 Ne4 6. Bf4 Nxc3 7. bxc3 dxc4 8.
e4 b5 9. Be2 e6 10. O-O Be7 11. Qd2 O-O 12. Bd1 Bb7 13. Bc2 c5 14. Ng5 cxd4 15.
cxd4 e5 16. dxe5 Qxd2 17. Bxd2 Nc6 18. e6 f6 19. Nf3 Rad8 20. Rfd1 Bc8 21. Be3
Bxe6 22. Nd4 Nxd4 23. Rxd4 Rxd4 24. Bxd4 Rd8 25. Be3 b4 26. Kf1 b3 27. axb3
cxb3 28. Bd1 b2 29. Rb1 Rxd1+ 30. Rxd1 Ba2 31. f4 b1=Q 32. Rxb1 Bxb1 33. e5
fxe5 34. fxe5 Kf7 35. Ke2 Ke6 36. Bd4 Kd5 37. Bb2 a5 38. e6 g6 39. g4 a4 40.
Kf3 Kxe6 41. Kg3 a3 42. Bxa3 Bxa3 43. h4 h5 44. gxh5 gxh5 0-1

[Event "Politiken Cup 2012"]
[Site "Helsingør "]
[Date "2012.07.28"]
[Round "1.60"]
[White "Rewitz, Poul"]
[Black "Haldorsen, Benjamin"]
[Result "1-0"]
[WhiteElo "2239"]
[BlackElo "1811"]
[PlyCount "105"]
[EventDate "2012.07.28"]

1. d4 Nf6 2. Nf3 g6 3. Bf4 Bg7 4. h3 O-O 5. e3 c5 6. c3 Qb6 7. Qb3 d5 8. Be2
Nc6 9. O-O c4 10. Qa3 Qa5 11. Qxa5 Nxa5 12. Nbd2 b5 13. b4 Nb7 14. a4 Bd7 15.
Ne5 a6 16. Ra2 Rfe8 17. g4 h6 18. h4 Be6 19. Rfa1 Nd6 20. f3 Kf8 21. Nb1 Rab8
22. axb5 axb5 23. Ra7 Rb6 24. R1a6 Rxa6 25. Rxa6 Nd7 26. Nxd7+ Bxd7 27. Bxd6
exd6 28. Rxd6 Rxe3 29. Kf2 Re7 30. Rxd5 Be8 31. Na3 Rb7 32. g5 Ke7 33. f4 hxg5
34. hxg5 f6 35. Bf3 fxg5 36. fxg5 Rb6 37. Rc5 Bd7 38. Rc7 Kd6 39. Ra7 Bf8 40.
Ke3 Be7 41. Kf4 Bd8 42. Be4 Ke7 43. Nc2 Re6 44. Ne3 Bb6 45. Nd5+ Ke8 46. Ra8+
Kf7 47. Nxb6 Rxb6 48. Bd5+ Ke7 49. Ke5 Rd6 50. Bg8 Rb6 51. d5 Rd6 52. Ra7 Rb6
53. Be6 1-0

[Event "Politiken Cup 2012"]
[Site "Helsingør "]
[Date "2012.07.28"]
[Round "1.68"]
[White "Marttala, Thomas"]
[Black "Rasmussen, Henning"]
[Result "1-0"]
[WhiteElo "2193"]
[BlackElo "1789"]
[PlyCount "41"]
[EventDate "2012.07.28"]

1. e4 e6 2. d4 d5 3. Nd2 c5 4. Ngf3 cxd4 5. exd5 Qxd5 6. Bc4 Qd6 7. O-O Nf6 8.
Re1 Nc6 9. Nb3 a6 10. Nbxd4 Nxd4 11. Nxd4 Qc7 12. Be3 Bd6 13. Nf5 Bxh2+ 14. Kh1
O-O 15. Nxg7 Kxg7 16. Qf3 e5 17. Bh6+ Kxh6 18. Qxf6+ Kh5 19. Re4 Bf4 20. Be2+
Bg4 21. f3 1-0

[Event "Politiken Cup 2012"]
[Site "Helsingør "]
[Date "2012.07.28"]
[Round "1.69"]
[White "Aartun, Eivind"]
[Black "Stojanovski, Sandi"]
[Result "0-1"]
[WhiteElo "1777"]
[BlackElo "2191"]
[PlyCount "92"]
[EventDate "2012.07.28"]

1. e4 e6 2. d4 d5 3. exd5 exd5 4. Bd3 Nc6 5. Nf3 Bg4 6. c3 Bd6 7. O-O Nge7 8.
Re1 Qd7 9. h3 Bh5 10. Na3 Bxa3 11. bxa3 f6 12. Rb1 O-O-O 13. Qa4 Bg6 14. Qb5 b6
15. Qa6+ Kb8 16. Bb5 Qc8 17. Qxc8+ Nxc8 18. Rb2 Kb7 19. Nh4 Rhe8 20. Rxe8 Rxe8
21. Kf1 Nd6 22. Nxg6 hxg6 23. Re2 Rxe2 24. Bxe2 Ne4 25. c4 Nxd4 26. cxd5 Nxe2
27. Kxe2 Nc3+ 28. Kd3 Nxd5 29. h4 c5 30. g4 Kc6 31. h5 Ne7 32. a4 Kd5 33. Bf4
g5 34. Bc7 Nc6 35. f3 Nb4+ 36. Ke3 Nxa2 37. a5 bxa5 38. Bxa5 Nb4 39. Bd8 Nc6
40. h6 gxh6 41. Bxf6 Ne5 42. Bg7 Nf7 43. Kd3 a5 44. Bc3 a4 45. Bd2 Ne5+ 46. Ke2
Kd4 0-1

[Event "Politiken Cup 2012"]
[Site "Helsingør "]
[Date "2012.07.28"]
[Round "1.70"]
[White "Leutwyler, Martin"]
[Black "Nordstrom, Hakon N"]
[Result "1/2-1/2"]
[WhiteElo "2190"]
[BlackElo "1776"]
[PlyCount "55"]
[EventDate "2012.07.28"]

1. d4 Nf6 2. Nf3 g6 3. c4 c5 4. Nc3 Bg7 5. e4 Qa5 6. Bd2 cxd4 7. Nxd4 Qe5 8.
Nf3 Qe6 9. Bd3 Na6 10. O-O b6 11. Re1 Nc5 12. Bf1 Bb7 13. e5 Nfe4 14. Nxe4 Nxe4
15. Bd3 Nxd2 16. Nd4 Nf3+ 17. Nxf3 Qg4 18. h3 Bxf3 19. hxg4 Bxd1 20. Raxd1 e6
21. Bc2 Rc8 22. Ba4 Rc7 23. Rxd7 Rxd7 24. Rd1 O-O 25. Rxd7 Bxe5 26. b4 Rc8 27.
Bb5 Rc7 28. Rxc7 1/2-1/2

[Event "Politiken Cup 2012"]
[Site "Helsingør "]
[Date "2012.07.28"]
[Round "1.71"]
[White "Wimo, Jorgen"]
[Black "Andersen, Morten"]
[Result "0-1"]
[WhiteElo "1776"]
[BlackElo "2181"]
[PlyCount "48"]
[EventDate "2012.07.28"]

1. e4 c5 2. Nf3 d6 3. d4 cxd4 4. Nxd4 Nf6 5. Nc3 a6 6. Be3 e6 7. Be2 Nbd7 8. f3
b5 9. Qd2 Bb7 10. O-O-O b4 11. Na4 d5 12. g4 dxe4 13. g5 Nd5 14. fxe4 Nxe3 15.
Qxe3 Be7 16. Rhg1 Qa5 17. b3 Nc5 18. Nxc5 Bxc5 19. Kb1 e5 20. Qf3 Bxd4 21. Bc4
O-O-O 22. Bxf7 Bxg1 23. Rxg1 Qc5 24. Bc4 Qxg1+ 0-1

[Event "Politiken Cup 2012"]
[Site "Helsingør "]
[Date "2012.07.28"]
[Round "1.72"]
[White "Klings, Peter"]
[Black "Christiansen, Niels Jorgen"]
[Result "1-0"]
[WhiteElo "2178"]
[BlackElo "1775"]
[PlyCount "77"]
[EventDate "2012.07.28"]

1. e4 e5 2. Bc4 Nf6 3. d3 Nc6 4. Nf3 Be7 5. O-O O-O 6. c3 d6 7. a4 Na5 8. Ba2
c5 9. Re1 Qc7 10. h3 Be6 11. Bxe6 fxe6 12. b4 cxb4 13. cxb4 Nc6 14. Qb3 Qd7 15.
Bb2 Nh5 16. Nbd2 Rf6 17. b5 Nd4 18. Nxd4 exd4 19. Bxd4 Rg6 20. Kh2 Kh8 21. Be3
e5 22. Nf3 Rf8 23. Rac1 Nf4 24. Bxf4 Rxf4 25. Qc4 Rf8 26. Qc7 Qe6 27. Re3 Qf6
28. Qxb7 Qf4+ 29. Kh1 Qf7 30. Rc7 Re8 31. Qxa7 Qe6 32. d4 exd4 33. Nxd4 Qf6 34.
Rf3 Qh4 35. Rxe7 Rg8 36. Nf5 Qf6 37. Qd4 Qg5 38. Rg3 Qc1+ 39. Kh2 1-0

[Event "Politiken Cup 2012"]
[Site "Helsingør "]
[Date "2012.07.28"]
[Round "1.73"]
[White "Larsen, Hans Haagen"]
[Black "Schultz-Pedersen, Jesper"]
[Result "0-1"]
[WhiteElo "1775"]
[BlackElo "2172"]
[PlyCount "118"]
[EventDate "2012.07.28"]

1. d4 d5 2. Bf4 Nc6 3. Nf3 Bg4 4. Nbd2 e6 5. c3 Bd6 6. Ne5 Bxe5 7. dxe5 Nge7 8.
h3 Bf5 9. g4 Bg6 10. Bg2 Nc8 11. h4 h5 12. e3 Nb6 13. Bg3 Qe7 14. a4 Nd7 15. f4
hxg4 16. Qxg4 Nc5 17. Qe2 O-O-O 18. e4 dxe4 19. Nxe4 Nd3+ 20. Kf1 f6 21. h5 Bf5
22. h6 fxe5 23. Bh4 Qf7 24. Bxd8 Nxf4 25. Qf3 Rxd8 26. h7 Rh8 27. Nc5 g5 28.
Rd1 g4 29. Qf2 Nxg2 30. Kxg2 b6 31. Nd3 Rxh7 32. Rxh7 Be4+ 33. Kg3 Qxh7 34.
Qf8+ Kb7 35. Nf2 Bf3 36. Re1 Qf5 37. Qxf5 exf5 38. Nd3 Be4 39. Rd1 a5 40. Rd2
Kc8 41. Ne1 Ne7 42. Nd3 Ng6 43. Ne1 Bc6 44. b3 Bd7 45. Ng2 f4+ 46. Kf2 Bc6 47.
Kg1 g3 48. b4 axb4 49. cxb4 Bxa4 50. Ra2 Bc6 51. b5 Bxb5 52. Ra8+ Kd7 53. Rg8
Bd3 54. Rg7+ Kc6 55. Rf7 b5 56. Rf6+ Kd5 57. Ne1 Be4 58. Rf7 c5 59. Rf6 b4 0-1

[Event "Politiken Cup 2012"]
[Site "Helsingør "]
[Date "2012.07.28"]
[Round "1.75"]
[White "Petersen, Peter Birk"]
[Black "Maechel, Michael"]
[Result "1-0"]
[WhiteElo "2155"]
[BlackElo "1754"]
[PlyCount "59"]
[EventDate "2012.07.28"]

1. e4 d5 2. exd5 Qxd5 3. Nc3 Qa5 4. d4 Nf6 5. Nf3 Bf5 6. Bd2 Qb6 7. Bc4 e6 8.
O-O Be7 9. Bb3 c6 10. Bf4 O-O 11. Qe2 Nbd7 12. Rad1 Rfe8 13. h3 Nd5 14. Bh2
Nxc3 15. bxc3 Nf6 16. Ne5 Rad8 17. Qf3 Bd6 18. Rfe1 Bxe5 19. Bxe5 Nd5 20. c4
Ne7 21. Qg3 Bg6 22. Bc7 Qb4 23. Bxd8 Rxd8 24. c3 Qa5 25. d5 cxd5 26. cxd5 Nf5
27. Qe5 h6 28. dxe6 Rxd1 29. exf7+ Kh7 30. f8=N+ 1-0

[Event "Politiken Cup 2012"]
[Site "Helsingør "]
[Date "2012.07.28"]
[Round "1.76"]
[White "Sem-Johansen, Asmund"]
[Black "Skou, Niels"]
[Result "0-1"]
[WhiteElo "1751"]
[BlackElo "2150"]
[PlyCount "70"]
[EventDate "2012.07.28"]

1. c4 e5 2. Nc3 Bc5 3. Nf3 Nc6 4. e4 d6 5. Be2 f5 6. d3 Nf6 7. Be3 fxe4 8. dxe4
Bxe3 9. fxe3 Be6 10. O-O Qd7 11. Qd2 O-O-O 12. Rab1 Bf7 13. b4 Bg6 14. Bd3 Qg4
15. Qc2 h5 16. a4 h4 17. a5 h3 18. g3 Rdf8 19. a6 b6 20. c5 Kb8 21. cxd6 cxd6
22. Nb5 Rc8 23. Nxd6 Nd4 24. Qd1 Nxf3+ 25. Qxf3 Qxf3 26. Rxf3 Rcd8 27. Nc4 Rxd3
28. Nxe5 Bxe4 29. Nxd3 Bxf3 30. Ne5 Be4 31. Rd1 Re8 32. Nf7 Bf3 33. Rd4 Bg2 34.
g4 Rf8 35. Ng5 Nxg4 0-1

[Event "Politiken Cup 2012"]
[Site "Helsingør "]
[Date "2012.07.28"]
[Round "1.77"]
[White "Rorvik, Jon F"]
[Black "Borg, Flemming"]
[Result "1-0"]
[WhiteElo "2149"]
[BlackElo "1750"]
[PlyCount "51"]
[EventDate "2012.07.28"]

1. c4 e5 2. Nc3 d6 3. g3 c6 4. Bg2 f5 5. d4 Nf6 6. e3 g6 7. Nge2 Bg7 8. O-O O-O
9. b3 Be6 10. d5 Bc8 11. dxc6 bxc6 12. Ba3 Ne8 13. Qd2 e4 14. Rad1 Be5 15. Nd4
Kh8 16. f3 Qa5 17. Bb2 exf3 18. Bxf3 Bb7 19. e4 Qb6 20. Na4 Qd8 21. Ne6 Qf6 22.
Nxf8 Qxf8 23. exf5 gxf5 24. Nc5 Qg7 25. Bxe5 dxe5 26. Qc3 1-0

[Event "Politiken Cup 2012"]
[Site "Helsingør "]
[Date "2012.07.28"]
[Round "1.78"]
[White "Nielsen, Leo"]
[Black "Haubro, Martin"]
[Result "0-1"]
[WhiteElo "1739"]
[BlackElo "2148"]
[PlyCount "92"]
[EventDate "2012.07.28"]

1. e4 c5 2. Nf3 d6 3. Bc4 Nf6 4. Nc3 e6 5. d4 cxd4 6. Nxd4 Nc6 7. O-O Be7 8. f4
Qc7 9. Ncb5 Qb8 10. f5 e5 11. Nf3 a6 12. Nc3 b5 13. Bd5 Qb6+ 14. Kh1 Bb7 15.
Ng5 O-O 16. Bxf7+ Rxf7 17. Nxf7 Kxf7 18. Bg5 Nd4 19. Bxf6 Bxf6 20. Qd3 b4 21.
Qc4+ Kf8 22. Nd5 Bxd5 23. Qxd5 Rc8 24. c3 Nc2 25. Rad1 Ne3 26. Qb3 Nxf1 27.
Rxf1 Qb5 28. Rd1 bxc3 29. Qe6 Rd8 30. bxc3 Qe2 31. Qd5 Qb5 32. Qe6 Qb7 33. h3
Be7 34. f6 Bxf6 35. Rxd6 Rxd6 36. Qxd6+ Kf7 37. Qd3 Qb5 38. c4 Qc6 39. g4 Ke8
40. Qe2 Qc5 41. Kg2 Bg5 42. Qb2 Bh4 43. Qb8+ Kf7 44. Qb7+ Kg6 45. Qxa6+ Kg5 46.
Qa3 Qxa3 0-1

[Event "Politiken Cup 2012"]
[Site "Helsingør "]
[Date "2012.07.28"]
[Round "1.79"]
[White "Van Heirzeele, Daniel"]
[Black "Pedersen, Carl Aage"]
[Result "1/2-1/2"]
[WhiteElo "2145"]
[BlackElo "1739"]
[PlyCount "46"]
[EventDate "2012.07.28"]

1. d4 d5 2. c4 e6 3. Nf3 Nf6 4. g3 c6 5. Bg2 Nbd7 6. Qc2 Bd6 7. O-O O-O 8. Nbd2
Re8 9. b3 b6 10. e4 dxe4 11. Ng5 Bb7 12. Ndxe4 Nxe4 13. Nxe4 Be7 14. Rd1 Nf6
15. Bf4 Nxe4 16. Bxe4 g6 17. h4 f5 18. Bg2 Bf6 19. Be5 Qe7 20. Re1 Rad8 21. Qb2
Kf7 22. Re3 Bxe5 23. Rxe5 Qd6 1/2-1/2